000 00706nam a22002297a 4500
003 UA-OsUOA
001 53068
007 ta
008 20150917b un ||||| |||| 00| 0 ukr d
090 _a81'374.26
_bШ37
942 _cBK
040 _aUA-OsUOA
_bukr
_cUA-OsUOA
_dUA-OsUOA
245 _aШевченківський словник
_b2
_cМол-Я
300 _a410 с.
955 _a4
041 _aukr
080 _a81'374.26
260 _aК.
_c1978
650 7 _a8 Мовознавство. Художня література. Літературознавство
_2UDC
999 _c433193
_d433193